| 000 | 003920000a22001690004500 | ||
|---|---|---|---|
| 003 | LK-CoMWRAF | ||
| 008 | 230817t ||||| |||| 00| 0 eng d | ||
| 040 |
_aLK-CoMWRAF _dLK-CoMWRAF _eLK-CoMWRAF |
||
| 041 | _aeng | ||
| 082 |
_a180 _bISM |
||
| 100 | _aIsmail, Muhammad | ||
| 245 |
_aThe Hijab...why? _b |
||
| 260 |
_aBurdiah _bIGC |
||
| 300 | _ap.66 | ||
| 650 | _aWOMEN & ISLAM | ||
| 942 | _cBK | ||
| 999 |
_c2069 _d2069 |
||